00435pab a2200157 454500008004000000100002100040245005700061260000900118300001600127362001100143650001800154650003100172650002200203700001800225773003400243180718b2002 xxu||||| |||| 00| 0 eng d aGidadhubli, R.G. aFarm land law of Russia: changing course of history? c2002 ap.3587-590. a31 Aug aLand - Russia aAgricultural land - Russia aAgricultural land aMohanty, Arun aEconomic and Political Weekly